Assorted Hollow Knight trivia #3 - Statistics

General Stats
  • This quiz has been taken 107 times
  • The average score is 9 of 20
Answer Stats
Hint Answer % Correct
Area furthest east Kingdom's edge
92%
A character searching for combat Cloth | Tiso
69%
Any charm acquired in deepnest Weaversong | Sharp Shadow
69%
An area without any grubs Howling cliffs | Resting grounds| Dirtmouth
67%
A main area that shares exactly twoexits with another one (excluding stags) Forgotten Crossroads | Crystal Peak| Fungal Wastes | Deepnest
| Fog Canyon | Infected Crossroads | Queen's gardens | Royal Waterways | City of tears
66%
Any area in the game that doesnot have an exclusive map, which has a title card at the top of the screen when first entered The abyss | Colosseum of Fools| White Palace | Godhome | The Hive
61%
Cornifer's only map you haveto buy from Iselda Resting grounds map
56%
Character known to despise the trams The Last Stag
52%
...a main area that shares exactlythree exits with another one Dirtmouth | Howling Cliffs | Kingdom's edge| City of tears
50%
Enemy found beside Lurienin his spire {Cowardly} husk
44%
An area where a Grimmkin Nightmare issituated Fungal core | Fungal Wastes | RoyalWaterways | The Hive | Kingdom's edge
42%
The name of the colosseum trial thatthe Oblobbles spawn in Trial of the {Conqueror}
41%
The enemy that is spawned from this enemy Hiveling
39%
Name of the lowest ranking Grimm follower,seen when doing the Grimmchild quest Grimmkin Novice
36%
The name of this enemy Ooma
34%
The 2nd to last boss in pantheon 4(A dream boss) Soul Tyrant
34%
Dead bug found in the lighthousein the abyss Royal retainer
33%
...the area this enemy can spawn in otherthan fog canyon Godhome
31%
A boss whose difficulty is known tobe boosted greatly in pantheon 5 all bindings, seen as the 27th boss The collector
14%
Original name for Kingdom's edge(still referred to this in the files) East Deepnest
9%
No matching quizzes found
Score Distribution
Percent of People with Each Score
Percentile by Number Answered
Your Score History
You have not taken this quiz